| 000 | 00760nam a2200241 a 4500 | ||
|---|---|---|---|
| 001 | BRL_909 | ||
| 005 | 20190320210941.0 | ||
| 008 | 231013s1978----mx-a######---#000-0#spa-# | ||
| 041 | _aspa | ||
| 044 | _amx | ||
| 050 | 4 |
_aF1306.P5 _b.C37 1978 |
|
| 100 | 1 |
_aCastillo Pérez, Isidro _925293 |
|
| 245 | 1 | 0 |
_aLa Piedad _cIsidro Castillo Pérez. |
| 260 |
_aMéxico _bGobierno del Estado de Michoacán _c1978 |
||
| 300 |
_a169 p. _bil. _c22 cm. |
||
| 440 | 0 |
_aMonografías Municipales del Estado de Michoacán _925294 |
|
| 500 | _aAu1036 | ||
| 651 | 4 |
_aLa Piedad (Michoacan) _xCondiciones económicas _925295 |
|
| 651 | 4 |
_aLa Piedad (Michoacan) _xCondiciones sociales _925296 |
|
| 651 | 4 |
_aLa Piedad (Michoacan) _xHistoria _925297 |
|
| 902 | _aGRL | ||
| 942 |
_2lcc _cB |
||
| 999 |
_c9721 _d9721 |
||